000 00875nam a2200289 a 4500
008
020 _a0415059453 (cased)
049 _aMAIN
090 _aHF1428
_bHER
100 1 _aHerrmann, Roland.
245 1 0 _aInternational commodity policy :
_ba quantitative analysis /
_cRoland Herrmann, Kees Burger, Hidde P. Smit.
260 _aLondon :
_bRoutledge,
_c1993.
300 _axviii, 303 p. ;
_c22 cm.
440 0 _aCommodities series.
504 _aIncludes bibliographical references.
500 _aIncludes index.
650 0 _aCommodity control.
650 0 _aPrice maintenance.
650 0 _aCompensatory financing.
700 1 _aBurger, Kees.
700 1 _aSmit, Hidde P.
907 _a.b10083959
_b21-03-12
_c22-07-03
003
005 20230123133349.0
040 _cNUST
942 _cBOOKS
_kHF1428
_mHER
999 _c147287
_d147287